E-business sí o sí!: manual de invención y construcción de proyectos virtuales
Salvato in:
| Autori principali: | , |
|---|---|
| Natura: | Libro |
| Lingua: | spagnolo |
| Pubblicazione: |
Santiago
Anticipa
2001
|
| Edizione: | 1a. ed |
| Soggetti: | |
| Tags: |
Aggiungi Tag
Nessun Tag, puoi essere il primo ad aggiungerne!!
|
MARC
| LEADER | 00000cam a2200000 a 4500 | ||
|---|---|---|---|
| 001 | UCM3659 | ||
| 003 | CL-VaPUC | ||
| 008 | 020712e20011200CL |||||||||||||||||spa|d | ||
| 020 | |a 9568146008 | ||
| 082 | 0 | 4 | |a 658.84 |b MEL |2 21 |
| 100 | |a Melnick, Sergio I. |e autor |9 470390 | ||
| 700 | 0 | |a Barraza, José Miguel |e author |9 470391 | |
| 245 | 1 | 0 | |a E-business sí o sí!: manual de invención y construcción de proyectos virtuales |
| 250 | |a 1a. ed | ||
| 300 | |a 370 p | ||
| 942 | |c BK | ||
| 945 | |d 20020712 00:00:00 |a cmena | ||
| 260 | |a Santiago |b Anticipa |c 2001 | ||
| 650 | 0 | |a Comercio electrónico |9 428366 | |
| 650 | 0 | |a Gestión de ventas |9 407932 | |
| 650 | 0 | |a Marketing |9 259324 | |
| 650 | 0 | |a Medidas de seguridad |9 264085 | |
| 583 | |a last modification |c 20140508 05:16:09 |k Rodrigo Vera | ||
| 999 | |c 300863 |d 300861 | ||
| 952 | |0 0 |1 0 |2 ddc |4 0 |6 658_840000000000000_MEL_2001 |7 0 |8 A |9 359230 |a BIBING |b BIBING |c RES |d 2019-11-21 |i 3828816 |o 658.84 MEL 2001 |p 3828816 |r 2025-01-20 |w 2019-11-21 |y BK |k EII | ||
| 952 | |0 0 |1 0 |2 ddc |4 0 |6 658_840000000000000_MEL_2001 |7 0 |8 A |9 359231 |a BIBING |b BIBING |c RES |d 2019-11-21 |i 4015681 |o 658.84 MEL 2001 |p 4015681 |r 2025-01-20 |w 2019-11-21 |y BK |k CCI | ||
| 952 | |0 0 |1 0 |2 ddc |4 0 |6 658_840000000000000_MEL_2001 |7 0 |8 A |9 359232 |a BIBING |b BIBING |c RES |d 2019-11-21 |i 401569K |o 658.84 MEL 2001 |p 401569K |r 2025-01-20 |w 2019-11-21 |y BK |k CCI | ||
| 952 | |0 0 |1 0 |2 ddc |4 0 |6 658_840000000000000_MEL_2001 |7 0 |8 A |9 359233 |a BIBING |b BIBING |c RES |d 2019-11-21 |i 4015703 |o 658.84 MEL 2001 |p 4015703 |r 2025-01-20 |w 2019-11-21 |y BK |k CCI | ||
| 952 | |0 0 |1 0 |2 ddc |4 0 |6 658_840000000000000_MEL_2001 |7 0 |8 A |9 359234 |a BIBING |b BIBING |c RES |d 2019-11-21 |i 4015711 |o 658.84 MEL 2001 |p 4015711 |r 2025-01-20 |w 2019-11-21 |y BK |k CCI | ||
| 952 | |0 0 |1 0 |2 ddc |3 erb |4 0 |6 658_840000000000000_MEL_2001 |7 0 |8 A |9 359235 |a BIBING |b BIBING |c RES |i 5079896 |o 658.84 MEL 2001 |p 5079896 |r 2025-01-20 |w 2019-11-21 |y BK |z Catalogado en:20140519 |k CCI | ||
| 952 | |0 0 |1 0 |2 ddc |3 erb |4 0 |6 658_840000000000000_MEL_2001 |7 0 |8 A |9 359236 |a BIBING |b BIBING |c RES |i 507990K |o 658.84 MEL 2001 |p 507990K |r 2025-01-20 |w 2019-11-21 |y BK |z Catalogado en:20140519 |k CCI | ||
| 952 | |0 0 |1 0 |2 ddc |3 erb |4 0 |6 658_840000000000000_MEL_2001 |7 0 |8 A |9 359237 |a BIBING |b BIBING |c RES |i 5079918 |o 658.84 MEL 2001 |p 5079918 |r 2025-01-20 |w 2019-11-21 |y BK |z Catalogado en:20140519 |k CCI | ||
| 952 | |0 0 |1 0 |2 ddc |3 erb |4 0 |6 658_840000000000000_MEL_2001 |7 0 |8 A |9 359238 |a BIBING |b BIBING |c RES |i 5079926 |o 658.84 MEL 2001 |p 5079926 |r 2025-01-20 |w 2019-11-21 |y BK |z Catalogado en:20140519 |k CCI | ||
| 952 | |0 0 |1 0 |2 ddc |3 erb |4 0 |6 658_840000000000000_MEL_2001 |7 0 |8 A |9 359239 |a BIBING |b BIBING |c RES |i 5079934 |o 658.84 MEL 2001 |p 5079934 |r 2025-01-20 |w 2019-11-21 |y BK |z Catalogado en:20140519 |k CCI | ||